000
00326nam a22001457a 4500
003
SGT
020
_a
9789366164939
082
_a
617.5
_b
M25G
100
_a
Gupta, Hemant
245
_a
Mastering the BDS III Year
250
_a
12th Ed.
260
_a
Delhi, India
_b
Jaypee Publishers
_c
2025
300
_a
928
942
_2
ddc
_c
BK
999
_c
32800
_d
32800